Responses for Show #7082 - Tuesday, June 2, 2015

Dan Feitel game 6.

Contestants

[<< previous game]

Tara Whittle, a strategy consultant from Troy, New York

Jacob Johnson, an actor from Murray, Utah

Dan Feitel, an attorney originally from Gillette, New Jersey (whose 5-day cash winnings total $127,998)

[next game >>]

Jeopardy! Round responses

SHAKESPEARE IN ART
AREA CODE REPRESENTIN'
8-LETTER WORDS
HALL OF RECORDS
FIX THE FAMOUS QUOTATION
MEANWHILE BACK AT THE RANCH
    $200 4
Ophelia

Dan
    $200 17
Washington, D.C.

Dan
    $200 7
caffeine

Tara
    $200 12
"Deck The Halls"

Dan
    $200 1
(Alex: In Genesis.)

the heavens

Dan
    $200 22
pasture

Jacob
    $400 27
Macbeth

Tara
    $400 18
Vancouver

Dan
    $400 8
(Alex: Distributes [*] evenly. And you have to keep in mind that Kelly weighs 56 pounds.)
[Laughter]

pressure

Triple Stumper
    $400 13
Evita

Dan
    $400 2
toil

Dan
    $400 23
free-range

Tara
    $600 28
The Tempest

Dan
    $600 19
Houston

Dan
    $600 9
a narrator

Dan
    $600 14
the Red Hot Chili Peppers

Jacob
    $600 3
(Jacob: What is minds?)
...
(Alex: Karl Marx.)

chains

JacobTara
    $600 24
(Tara: What are bunk beds?)

a bunkhouse

Tara
Triple Stumper
    $800 29
Falstaff

Jacob
    $800 20
Denver

Jacob
    $800 10
quisling

Dan
    $800 15
Hall & Oates

Dan
    $800 5
(Alex: Branch Rickey, yeah.)

residue

Dan
    $800 25
husbandry

Jacob
    $1000 30
Cordelia

Tara
    $1000 21
Milwaukee

Dan
    $1000 11
an optimist

Jacob
    $1000 16
Albert Hall

Tara
    $1000 6
(Alex: The Gettysburg Address.)

consecrate

Dan
    $2,800 26
(Alex: And you move up, with a minute to go.)

the Pampas

Jacob

Scores at the first commercial break (after clue 15):

Dan Jacob Tara
$5,400 $1,000 $800

Scores at the end of the Jeopardy! Round:

Dan Jacob Tara
$8,200 $6,400 $3,000

Double Jeopardy! Round responses

PHILOSOPHY
TV SHOWS BY EPISODES
(Alex: We'll give you the episode titles.)
FACTS & FIGURES
"L"EMENTARY
ZIGGURATS
HAZARDOUS TO YOUR HEALTH
    $400 2
power

Jacob
    $400 1
Friends

Dan
    $400 21
sleep

Tara
    $400 7
a levee

Dan
    $400 12
pyramid

Jacob
    $400 17
(Jacob: What is autism?)
[Originally ruled incorrect; reversed after clue 20]

obesity

JacobTara
    $800 3
(Jacob: Who is Lao Tzu?)

Confucius

DanJacob
    $800 20
(Tara: What is... oh.)

Game of Thrones

DanTara
    $800 22
Toledo

Tara
    $800 8
lambada

Jacob
    $800 13
Babel

Dan
    $800 18
ulcers

Jacob
    $1200 4
Kierkegaard

Dan
    $1200 26
The Office

Jacob
    $1200 23
the Gideons

Dan
    $1200 9
a libation

Tara
    $1200 14
the Hanging Gardens

Dan
    $2,500 19
Ebola

Jacob
    $1600 5
love & hate

Triple Stumper
    $1600 27
(Jacob: What is Archer?)
(Alex: Yes. No--no, sorry.)

The Blacklist

Jacob
Triple Stumper
    $1600 24
a saguaro

Jacob
    $1600 10
a laceration

Tara
    $4,000 15
(Dan: Who is... Ramses?)

Nebuchadnezzar

Dan
    $1600 30
leukemia

Dan
    $2000 6
Epicureanism

Jacob
    $2000 28
The Mentalist

Triple Stumper
    $2000 25
(Dan: What is E. coli?)

norovirus

DanTara
    $2000 11
lipids

Dan
    $2000 16
Ur

Dan
    $2000 29
asbestos

Dan

Scores at the end of the Double Jeopardy! Round:

Dan Jacob Tara
$16,600 $14,100 $8,600

[wagering suggestions for these scores]

Final Jeopardy! Round responses

INFAMOUS
(Alex: [To Jacob] And [*] was the man who assassinated President Garfield in 1881.)
TaraWho is ?
$6,300
JacobWho is Charles Guiteau?
$3,101
DanWho is?
$16,599
Charles Guiteau

Final scores:

Dan Jacob Tara
$1 $17,201 $2,300
3rd place: $1,000 New champion: $17,201 2nd place: $2,000

Game dynamics:

Coryat scores:

Dan Jacob Tara
$20,600 $11,000 $8,600
27 R,
2 W
(including 1 DD)
16 R
(including 2 DDs),
3 W
12 R,
2 W

Combined Coryat: $40,200

[game clues] [game scores] [suggest correction]

Game tape date: Unknown
The J! Archive is created by fans, for fans. Scraping, republication, monetization, and malicious use prohibited; this site may use cookies and collect identifying information. See terms. The Jeopardy! game show and all elements thereof, including but not limited to copyright and trademark thereto, are the property of Jeopardy Productions, Inc. and are protected under law. This website is not affiliated with, sponsored by, or operated by Jeopardy Productions, Inc. Join the discussion at JBoard.tv.